| 000 | 02121 a2200241 4500 | ||
|---|---|---|---|
| 020 | _a075067914X | ||
| 020 | _a075067914X | ||
| 040 |
_aDLC _bDLC |
||
| 082 | _a621.3822 | ||
| 100 | 1 | _aKehtarnavaz, Nasser. | |
| 245 | 1 | 0 |
_aDigital signal processing system-level design using LabVIEW _cby Nasser Kehtarnavaz and Namjin Kim. |
| 246 | 3 |
_aDigital signal processing system-level design using LabVIEW _h[electronic resource] |
|
| 260 |
_aOxford : _bNewnes, _c2005. |
||
| 300 |
_axii, 290 p. : _bill. ; _c24 cm. + _e1 CD-ROM (4 3/4 in.) |
||
| 520 | 1 | _a"LabVIEW (Laboratory Virtual Instrumentation Engineering Workbench) developed by National Instruments is a graphical programming environment. Its ease of use allows engineers and students to streamline the creation of code visually, leaving time traditionally spent on debugging for true comprehension of DSP." "This book is perfect for practicing engineers, as well as hardware and software technical managers who are familiar with DSP and are involved in system-level design. With this text, authors Kehtarnavaz and Kim have also provided a valuable resource for students in conventional engineering courses. The integrated lab exercises create an interactive experience which supports development of the hands-on skills essential for learning to navigate the LabVIEW program." "Digital Signal Processing System-Level Design Using LabVIEW is a comprehensive tool that will greatly accelerate the DSP learning process. Its thorough examination of LabVIEW leaves no question unanswered. LabVIEW is the program that will demystify DSP and this is the book that will show you how to master it."--BK JACKET. | |
| 538 | _aSystem requirements for accompanying CD-ROM IBM PC or compatible ; CD-ROM drive. | ||
| 538 | _aMode of access: World Wide Web. | ||
| 538 | _aSystem requirements: Internet connectivity; World Wide Web browser. | ||
| 650 | 0 |
_aSignal processing _xDigital techniques _xComputer programs. |
|
| 700 | 1 | _aKim, Namjin. | |
| 856 | 4 | 1 | _uhttp://libproxy1.nus.edu.sg/login?url=http://www.sciencedirect.com/science/book/9780750679145 |
| 942 |
_cBK _k621.3822 KEH _2ddc |
||
| 999 |
_c8250 _d8250 |
||